000 00539nam a2200193Ia 4500
999 _c11397
_d11397
003 OSt
005 20191230113246.0
008 190216s9999||||xx |||||||||||||| ||und||
020 _a9780333619438
040 _coclc
082 _a330
_bHAR/M
100 _aHarvey, Jack
_9888
245 0 _aModern Economics Study Guide And Workbook /
_cJ Harvey ; M K Johnson
250 _a6th ned.
260 _bELBS,
_c1995.
_aHong Kong:
300 _a200p
650 _aEconomics
942 _cBK
_2ddc
_h330
_iHAR/M
_k330
_mHAR/M